000 00938nac a22002537a 4500
001 BR8207102
003 BR-BrBNA
005 20240105115557.0
008 230509b bl.|||m| |||| 00| 0 por d
040 _aBR-BrBNA
_bpor
_cBiblioteca Nacional de Agricultura
072 _aE14; F01
090 _aE14 BR8207102
110 1 _aComissao Estadual de Planejamento Agricola, Manaus, AM (Brasil)
_92054
245 1 _aRelatorio de atividades da CEPA - Amazonas (Janeiro a marco/82)[Comissao Estadual de Planejamento Agricola, producao vegetal, desenvolvimento economico]
260 3 _aManaus, AM (Brasil):
_c1982.
300 _a41 p.
490 _aRelatorio Trimestral - Comissao Estadual de Planejamento Agricola (Brazil)
_v
_x
650 _aPLANEJAMENTO AGRICOLA
650 _aDESENVOLVIMENTO ECONOMICO
650 _aPRODUCAO VEGETAL
650 _aAMAZONAS
909 _a202312
_bLúcia Elande
_c55
_dLúcia Elande
942 _2AGRIS
_n0
_cMS
999 _c275404
_d275404